Cambiar de vida: incidencias en la Escuela de Arquitectura de la Universidad Católica de Valparaíso respecto al escenario social y político de Chile entre 1967 y 1973

Guardat en:
Dades bibliogràfiques
Format: Llibre
Idioma:espanyol
Publicat: Santiago Pontificia Universidad Católica de Chile 2017
Matèries:
Etiquetes: Afegir etiqueta
Sense etiquetes, Sigues el primer a etiquetar aquest registre!

MARC

LEADER 00000cam a2200000 a 4500
001 UCC6068
003 CL-VaPUC
008 181116e20170000cl |||||||||||||||||spa|d
082 0 4 |a 720.983  |b VER  |2 21 
245 1 0 |a Cambiar de vida: incidencias en la Escuela de Arquitectura de la Universidad Católica de Valparaíso respecto al escenario social y político de Chile entre 1967 y 1973 
300 |a 192 p 
942 |c BK 
945 |d 20181116 13:40:00  |a dcastane 
260 |a Santiago  |b Pontificia Universidad Católica de Chile  |c 2017 
650 0 |a Arquitectura chilena  |9 265393 
650 0 |a Historia de la arquitectura  |9 266241 
650 0 |a Arquitectos chilenos  |9 451494 
650 0 |a Aspectos sociales  |9 254894 
583 |a last modification  |c 20190822 09:06:08  |k Rodrigo Vera 
999 |c 373122  |d 373120 
952 |0 0  |1 0  |3 erd  |4 0  |6 720_983000000000000_VER_2017  |7 0  |8 R  |9 491072  |a BIBARQ  |b BIBARQ  |i 5513928  |o 720.983 VER 2017  |p 5513928  |r 2025-01-20  |w 2019-11-24  |y BK_R  |z Catalogado en:20181116  |k ARQ 
952 |0 0  |1 0  |3 erd  |4 0  |6 720_983000000000000_VER_2017  |7 0  |8 R  |9 491073  |a BIBARQ  |b BIBARQ  |i 551391K  |l 1  |o 720.983 VER 2017  |p 551391K  |r 2025-01-20  |s 2023-06-16  |w 2019-11-24  |y BK_R  |z Catalogado en:20181116  |k ARQ